000 00693nam a2200229Ia 4500
001 9051
003 GE_BSU
008 181216s||||||||xx |||||||||||||| ||und||
040 _cGE_BSU
080 _a821.353.1–1
100 _aკვეიძე,ვახტანგ
245 _aმთვარე ჩანჩქერში
245 _bლექსები
245 _cრედ.ზ.ფირცხალაიშვილი
260 _aბათუმი
260 _bსაბჭოთა აჭარა
260 _c1981
300 _a27გვ.17სმ.
653 _aლექსები
653 _aმთვარე ჩანჩქერში
942 _cBK
999 _c42355
_d42355